<?xml version="1.0" encoding="UTF-8"?>
<collection xmlns="http://www.loc.gov/MARC21/slim">
 <record>
  <leader>00454pamaa2200157   4500</leader>
  <controlfield tag="001">0000012715</controlfield>
  <controlfield tag="005">20070130090000.0</controlfield>
  <datafield tag="020" ind1="0" ind2="0">
   <subfield code="a">0446315060 </subfield>
  </datafield>
  <datafield tag="090" ind1="0" ind2="0">
   <subfield code="a">PE1449 </subfield>
   <subfield code="b">NUR 1977</subfield>
  </datafield>
  <datafield tag="100" ind1="1" ind2="0">
   <subfield code="a">NURNBERG </subfield>
  </datafield>
  <datafield tag="245" ind1="1" ind2="0">
   <subfield code="a">How to build a better vocabulary  </subfield>
   <subfield code="c">Maxwell Nurnberg and Morris Rosenblum.</subfield>
  </datafield>
  <datafield tag="250" ind1="0" ind2="0">
   <subfield code="a">Completely revised and up-dated.</subfield>
  </datafield>
  <datafield tag="260" ind1="0" ind2="0">
   <subfield code="a">New Jersey: </subfield>
   <subfield code="b">Warner Books, </subfield>
   <subfield code="c">1977.</subfield>
  </datafield>
  <datafield tag="300" ind1=" " ind2=" ">
   <subfield code="a">382p.: </subfield>
   <subfield code="b">19cm.</subfield>
  </datafield>
  <datafield tag="650" ind1="0" ind2="0">
   <subfield code="a">Vocabulary </subfield>
  </datafield>
  <datafield tag="700" ind1="1" ind2="1">
   <subfield code="a">Rosenblum, </subfield>
   <subfield code="h">Morris </subfield>
  </datafield>
 </record>
</collection>
